Performing pasts : (Record no. 9518)

MARC details
000 -LEADER
fixed length control field 00726 a2200205 4500
010 ## - LIBRARY OF CONGRESS CONTROL NUMBER
LC control number ENG-88940
020 ## - INTERNATIONAL STANDARD BOOK NUMBER
International Standard Book Number 9780195690842
Terms of availability 695.00
035 ## - SYSTEM CONTROL NUMBER
System control number EN-72473
037 ## - SOURCE OF ACQUISITION
Source of stock number/acquisition DBAD / PUB
082 14 - DEWEY DECIMAL CLASSIFICATION NUMBER
Classification number 790.209543
090 ## - LOCALLY ASSIGNED LC-TYPE CALL NUMBER (OCLC); LOCAL CALL NUMBER (OCLC)
-- 9695
-- 9695
245 1# - TITLE STATEMENT
Title Performing pasts :
Remainder of title reinventing the arts in modern South India /
Statement of responsibility, etc edited by Indira Viswanathan Peterson [and] Devesh Soneji
260 ## - PUBLICATION, DISTRIBUTION, ETC. (IMPRINT)
Place of publication, distribution, etc New Delhi
Name of publisher, distributor, etc Oxford University Press
Date of publication, distribution, etc 2008
300 ## - PHYSICAL DESCRIPTION
Extent xiii, 356p. ;
Dimensions 22 cm (Hb)
500 ## - GENERAL NOTE
General note Includes index
700 ## - ADDED ENTRY--PERSONAL NAME
Personal name Indira Viswanathan Peterson
700 ## - ADDED ENTRY--PERSONAL NAME
Personal name Soneji, Davesh
942 ## - ADDED ENTRY ELEMENTS (KOHA)
Institution code [OBSOLETE] dpl
Koha item type English Books
Call number prefix 790.209543/ PER
Holdings
Withdrawn status Lost status Source of classification or shelving scheme Damaged status Not for loan Collection code Home library Current library Source of acquisition Cost, normal purchase price Total Checkouts Full call number Barcode Date last seen Copy number Uniform Resource Identifier Cost, replacement price Price effective from Koha item type
    Dewey Decimal Classification   Not For Loan Non-fiction D.B.Act.Division D.B.Act.Division DBAD/PUB 695.00   790.209543 EN-72473 15/09/2008 1 10504 695.00 15/09/2008 English Books

© Delhi Public Library
Hit Counter
free hit counter